| 000 | 00725nam a22002057a 4500 | ||
|---|---|---|---|
| 005 | 20251108172855.0 | ||
| 008 | 250721s2002 xx 000 0 ara d | ||
| 082 | 1 | 4 | _a922.1/مؤي |
| 100 | 1 | _aالمؤيدي، يحيى بن محمد | |
| 245 | 1 | 0 | _aدموع و أشلاء تشكو جور الزمن قصة إستشهاد للإمام الحسين بن علي الفخي ( ع ) / |
| 264 | 1 |
_aعمان : _bمؤسسة الإمام زيد بن علي الثقافية، _c2002. |
|
| 300 | _a110 ص. | ||
| 490 | 0 |
_aأعلام الجهاد و للإستشهاد _v4 |
|
| 650 | 1 | 7 | _aالقادة |
| 650 | 1 | 7 | _aالمسلمون |
| 650 | 1 | 7 | _aالجهاد |
| 650 | 1 | 7 | _aالتراجم |
| 942 |
_2ddc _cBK |
||
| 999 |
_c90608 _d90608 |
||